[Event "AUTO-ADV-4895"]
[Site "http://www.queenalice.com/game.php?id=1863546"]
[Date "2025.9.29"]
[Round "1"]
[White "jpribeiro"]
[Black "Erlofabr"]
[Result "1-0"]
[WhiteElo "1488"]
[BlackElo "1615"]

1. e4 e5 2. Nf3 Nc6 3. c3 f5 4. exf5 Nf6 5. d4 d6 6. dxe5 Ng4 7. h3 Ngxe5 8.
Nxe5 Nxe5 9. Qh5+ g6 10. fxg6 Qf6 11. g7+ Nf7 12. gxh8=Q Qxh8 13. Bc4 Qe5+ 14.
Qxe5+ Nxe5 15. Bb5+ c6 16. Be2 Be6 17. Bh5+ Bf7 18. Bxf7+ Kxf7 19. Ke2 Re8 20.
Be3 Nc4 21. Kd3 Nxb2+ 22. Kc2 Nc4 23. Re1 c5 24. Nd2 Na3+ 25. Kb3 Nb5 26. a4 Nc7
27. Rad1 b5 28. axb5 Nxb5 29. Nc4 Rb8 30. Kc2 d5 31. Bxc5 dxc4 32. Rd7+ Kg8 33.
Bxf8 Na3+ 34. Bxa3 a5 35. Ree7 Rf8 36. Rg7+ Kh8 37. Rxh7+ 1-0

[Event "AUTO-ADV-4895"]
[Site "http://www.queenalice.com/game.php?id=1863547"]
[Date "2025.9.29"]
[Round "1"]
[White "Erlofabr"]
[Black "jpribeiro"]
[Result "0-1"]
[WhiteElo "1638"]
[BlackElo "1465"]

1. e4 c5 2. Bc4 e6 3. Nc3 Nc6 4. Nf3 a6 5. d3 b5 6. Bb3 b4 7. Ne2 h6 8. d4 cxd4
9. Nexd4 Nxd4 10. Qxd4 Qf6 11. e5 Qd8 12. h4 Qc7 13. g4 Bc5 14. Qc4 Bb7 15. Rh3
Ne7 16. g5 Qb6 17. Nh2 Bxf2+ 18. Kf1 a5 19. Ng4 Ba6 20. Be3 Bxc4+ 21. Kxf2 Qc7
22. Ba4 h5 23. Nh2 Qxe5 24. Nf3 Qf5 25. Kg2 Bd5 26. Rf1 Qg4+ 27. Rg3 Qxh4 28.
Bf4 Qxf4 29. Kh3 Nf5 30. Rgg1 Bxf3 31. Rg4 Qxg4+ 0-1

[Event "AUTO-ADV-4895"]
[Site "http://www.queenalice.com/game.php?id=1863563"]
[Date "2025.9.29"]
[Round "1"]
[White "Erlofabr"]
[Black "Takeda"]
[Result "0-1"]
[WhiteElo "1592"]
[BlackElo "2100"]

1. d4 g6 2. d5 Bg7 3. c3 Nf6 4. f4 O-O 5. Qd3 d6 6. h3 Bf5 7. Qg3 c6 8. c4 cxd5
9. Nc3 dxc4 10. Qh4 Nc6 11. g4 Be4 12. Nxe4 Nxe4 13. f5 e6 14. f6 Bxf6 15. g5
Nxg5 16. Qxc4 Rc8 17. h4 d5 18. Qd3 Ne4 19. Bg2 Qa5+ 20. Kf1 Ne5 21. Qe3 Ng4 22.
Qf4 Rxc1+ 23. Rxc1 Nd2+ 24. Ke1 Nc4+ 25. Kf1 Nce3+ 26. Qxe3 Nxe3+ 27. Kf2 Nxg2
28. Kxg2 Qxa2 29. b4 Qb2 30. Nf3 Qxe2+ 31. Kg3 Rd8 32. Rh2 Be5+ 33. Nxe5 Qxe5+
34. Kg2 Qe4+ 35. Kf2 Qf4+ 36. Kg2 Qxc1 37. Rh3 d4 38. h5 d3 39. hxg6 fxg6 40.
Rf3 d2 41. Rf1 Qxf1+ 42. Kxf1 d1=Q+ 43. Kf2 Rd2+ 0-1

[Event "AUTO-INT-3953"]
[Site "http://www.queenalice.com/game.php?id=1866333"]
[Date "2025.11.28"]
[Round "1"]
[White "Erlofabr"]
[Black "renet54"]
[Result "1-0"]
[WhiteElo "1643"]
[BlackElo "1666"]

1. f4 d5 2. c4 e6 3. Nc3 Nf6 4. Nf3 c6 5. Qa4 Bd6 6. d4 O-O 7. Qc2 Nbd7 8. Ng5
dxc4 9. e4 Re8 10. e5 Nf8 11. exf6 Qxf6 12. g3 e5 13. Nce4 exf4 14. Be2 Qxd4 15.
Nf3 Qb6 16. Nxd6 Re6 17. Nxc4 Qc7 18. Bxf4 Qe7 19. Nce5 f6 20. Ng4 Re3 21. Qc4+
Be6 22. Qc2 Bxg4 23. Qc4+ Be6 24. Qd4 Bh3 25. Bxe3 Ne6 26. Bc4 Rd8 27. Qe4 Kh8
28. Qh4 Bf5 29. Ne5 Qb4+ 30. Bd2 Qxd2+ 31. Kf1 Qxb2 32. Nf7+ Kg8 33. Re1 Kxf7
34. Qh5+ Bg6 35. Bxe6+ Kf8 36. Qc5+ Ke8 37. Bf5+ Kf7 38. Qe7+ 1-0

[Event "AUTO-INT-3953"]
[Site "http://www.queenalice.com/game.php?id=1866334"]
[Date "2025.11.28"]
[Round "1"]
[White "renet54"]
[Black "Erlofabr"]
[Result "0-1"]
[WhiteElo "1667"]
[BlackElo "1667"]

1. d4 f5 2. Nf3 Nf6 3. Nc3 d6 4. Bf4 e5 5. dxe5 Ng4 6. exd6 cxd6 7. e3 Nc6 8. h3
Nf6 9. Bc4 a6 10. O-O b5 11. Bb3 b4 12. Nd5 h6 13. Ba4 Bd7 14. Bxc6 Bxc6 15.
Nxf6+ Qxf6 16. Rb1 g5 17. Bh2 g4 18. hxg4 fxg4 19. Nd4 Be4 20. Nc6 Bxc6 21. Qxg4
h5 22. Qxb4 Rg8 23. Qc4 Rxg2+ 24. Kh1 Rxf2+ 25. Qxc6+ Kf7 26. Qxa8 Rxf1+ 27.
Rxf1 Qxf1+ 28. Bg1 Qh3+ 29. Bh2 Qxe3 30. Qb7+ Ke6 31. Qc8+ Kd5 32. Qxa6 Qc1+ 33.
Bg1 Bh6 34. Qb5+ Ke6 35. Qxh5 Be3 36. Qg6+ Kd7 37. Qf7+ Kc6 38. Qc4+ Bc5 39.
Qa6+ Kd5 40. Qd3+ Kc6 41. Qe4+ Kb6 42. Qg6 Kb5 43. Qd3+ Kb6 44. a4 Qxg1# 0-1

[Event "AUTO-INT-3957"]
[Site "http://www.queenalice.com/game.php?id=1868116"]
[Date "2026.1.17"]
[Round "1"]
[White "Erlofabr"]
[Black "Carlos19"]
[Result "1-0"]
[WhiteElo "1647"]
[BlackElo "1740"]

1. Nf3 Nc6 2. d4 d5 3. c4 Be6 4. Nc3 h6 5. Qa4 dxc4 6. e4 a6 7. d5 b5 8. Nxb5
Bxd5 9. exd5 axb5 10. Qxb5 Qd7 11. dxc6 Qe6+ 12. Be3 f5 13. Bxc4 Qf6 14. O-O e6
15. Qb7 Qd8 16. Rfd1 Qb8 17. Qxb8+ Rxb8 18. b3 g5 19. Rd7 Rc8 20. Bxe6 f4 21.
Bf7# 1-0

[Event "AUTO-INT-3957"]
[Site "http://www.queenalice.com/game.php?id=1868117"]
[Date "2026.1.17"]
[Round "1"]
[White "Carlos19"]
[Black "Erlofabr"]
[Result "1-0"]
[WhiteElo "1735"]
[BlackElo "1660"]

1. e4 e5 2. Nf3 Nc6 3. Bc4 a6 4. d3 h6 5. O-O f5 6. exf5 Nf6 7. Nc3 Nb4 8. Nxe5
d5 9. Ng6 Rg8 10. Nxf8 dxc4 11. Ne6 Qd6 12. Re1 Kf7 13. dxc4 Qb6 14. c5 Qc6 15.
a3 Bxe6 16. fxe6+ Ke7 17. axb4 Rad8 18. Qf3 Nd5 19. Qf7# 1-0

[Event "Challenge"]
[Site "http://www.queenalice.com/game.php?id=1868666"]
[Date "2026.1.30"]
[Round "-"]
[White "Erlofabr"]
[Black "jogo"]
[Result "0-1"]
[WhiteElo "1700"]
[BlackElo "1740"]

1. f4 e5 2. Nf3 exf4 3. d4 g5 4. e4 g4 5. Ne5 Qh4+ 6. g3 fxg3 7. Nxg4 g2+ 8. Nf2
gxh1=Q 9. Qg4 Qxg4 10. Nxg4 Qxe4+ 11. Ne3 Qxd4 12. Bd2 Qh4+ 13. Kd1 Qxh2 14. Nc3
c6 15. Ng4 Qg3 16. Be2 d5 17. Be3 Bxg4 18. Kd2 Bxe2 19. Nxe2 Qd6 20. Re1 Be7 21.
Nd4 Nf6 22. Nf5 Qb4+ 23. Ke2 Qg4+ 24. Kd2 Qxf5 25. Bc5 Ne4+ 26. Kd1 Nxc5 27. b3
Ne4 28. Kc1 Qf2 29. Rd1 Ba3+ 30. Kb1 Nc3+ 0-1